000
00290pam a2200133 a 4500
020
_c
041
_a
eng
082
_a
536
_b
SAH
100
_a
Saha, M.N .
245
_a
A Text Book of Heat
_h
Textual Documents
260
_a
Mumbai
_b
Orient Longman
_c
1967
300
_a
361p.
930
_a
18557
999
_c
95457
_d
95457